| 000 | 01073nam a22002777i 4500 | ||
|---|---|---|---|
| 999 |
_c172474 _d172474 |
||
| 005 | 20190520151214.0 | ||
| 008 | 190430s2017 ii ao e 000 0 tam d | ||
| 020 |
_qpaperback _cRM22.50 |
||
| 040 |
_aPPAK _beng _cPPAK _erda |
||
| 082 | 0 | 4 |
_a600 _223 |
| 090 | 0 | 0 |
_a600 _bKAR _dG |
| 245 | 1 | 0 |
_6880-01 _aKarranaitthoorum Ariviyal / _cNellai S. Muthu |
| 250 |
_6880-02 _aMutar patippu. |
||
| 264 | 1 |
_6880-03 _aChennai : _bThiruvarasu Puthaka Nilayam, _c2017 |
|
| 300 |
_aiv, 116 pages : _billustrations, photographs ; _c22 cm |
||
| 336 |
_2rdacontent _atext |
||
| 337 |
_2rdamedia _aunmediated |
||
| 338 |
_2rdacarrier _avolume |
||
| 650 | 1 | 0 | _aTechnological innovations |
| 700 | 1 |
_6880-01 _aMuthu, Nellai S. _ecompiler. |
|
| 880 | 1 | 0 |
_6245-01 _aகற்றனைத்து ஊறும் அறிவியல் / _cநெல்லை சு.முத்து |
| 880 |
_6250-02 _aமுதற் பதிப்பு. |
||
| 880 | 1 |
_6264-03 _aசென்னை : _c2017 |
|
| 880 | 1 |
_6700-04 _aமுத்து, நெல்லை சு. _ecompiler. |
|
| 942 |
_2ddc _cB |
||